| 000 | 00344 a2200133 4500 | ||
|---|---|---|---|
| 001 | 88817 | ||
| 082 | _aPR 740 | ||
| 090 |
_c41958 _d41958 |
||
| 100 | _aBehram ; Babar | ||
| 245 | _aDesign of Laboratory ramjet propulsion system | ||
| 260 |
_aKarachi _bUniversity of Karachi _c1979 |
||
| 300 |
_a90p. _eZaidi S K N |
||
| 500 | _aBE Project Reports | ||
| 942 |
_aCAE NUST _kPR 740 |
||
| 999 |
_c323890 _d323890 |
||